| 000 | 00598nam a22002057a 4500 | ||
|---|---|---|---|
| 001 | sjds170033 | ||
| 003 | sjds | ||
| 005 | 20170518145703.0 | ||
| 008 | 170518b cau||||| |||| 00| 0 spa d | ||
| 020 | _a9781609929060 (pbk.) | ||
| 040 | _csjds | ||
| 041 | _aspa | ||
| 100 |
_aMills, Andrea _eauthor |
||
| 245 |
_aCampeones de liga : _b datos fascinantes sobre el fĂștbol / _c Andrea Mills. |
||
| 260 |
_aLake Forest, CA : _bQEB Publishing, _c2016. |
||
| 300 |
_a63 pages : _bcolor illustrations ; _c25 cm |
||
| 500 | _aCover title. | ||
| 650 |
_aSoccer _vJuvenile literature |
||
| 942 |
_2ddc _cBK |
||
| 999 |
_c17310 _d17310 |
||